000 01142nam a22002777a 4500
005 20180115112041.0
010 _a1718EN-30 ENG-121710
020 _a9789351509998
_c650.00
035 _aEN-105242
035 _aB-682634-657
037 _bAakar
037 _bDBAD/PUB
082 _a658.15
100 _aShil, Nikhil Chandra
245 _aFinancial management :
_cby Nikhil Candra Shil [and] Bhagwan Das
_ba strategic perspective /
260 _aNew Delhi
_bSAGE Publications
_c2017
270 _aB1/I-1 Mohan Cooperative Industrial Area, Mathura Road
_bNew Delhi
_e110044
300 _axxiv, 709p.
_c23cm(pbk)
600 _aGandhi, Indira,
_d1917-1984.
610 _aCommunist Party of India
_xHistory
_y20th century.
650 _a Socialism
_z India
_xHistory
_y20th century.
650 _a Crisis management in government
_zIndia
_xHistory
_y20th century.
710 _aBhagwan Das
942 _2ddc
_cEN
_h658.15
_mSHI
999 _c144297
_d144297